| 000 | 00000nam##2200000za#4500 |
| 001 | 9.534510 |
| 003 | CaOODSP |
| 005 | 20210615083521 |
| 007 | ta |
| 008 | 150406|2000||||xxc||||| f|0| 0 eng|d |
| 020 | |a0-662-65247-9 |
| 040 | |aCaOODSP|beng |
| 041 | |aeng |
| 041 | |afre |
| 043 | |an-cn--- |
| 086 | 1 |aJS73-2/7 |
| 110 | 2 |aCanadian Security Intelligence Service. |
| 245 | 10|aTransnational criminal activity : |ba global context |
| 260 | |aOttawa - Ontario : |bSolicitor General Canada. |c2000. |
| 300 | |aEnglish text, 12p. : |breferences, tables ; |c28 cm. |
| 490 | 1 |aPerspectives|v2000/7 |
| 546 | |aBilingual |
| 563 | |aSoftcover |
| 590 | |a00-37|b2000-09-15 |
| 690 | 07|aOrganized crime|2gcpds |
| 690 | 07|aNational security|2gcpds |
| 792 | |tLa criminalité transnationale : |efre|w(CaOODSP)9.534511 |
| 830 | #0|aPerspectives ;|v2000/7|w(CaOODSP)9.509450 |